[Event "Curitiba IEP&Copel op"]
[Site "Curitiba"]
[Date "2017.05.12"]
[Round "1"]
[White "Zini, Jhone Marcelo"]
[Black "Lopes da Silva, Matheus"]
[Result "1-0"]
[WhiteElo "2080"]
[BlackElo "1589"]
[PlyCount "51"]
[EventDate "2017.05.12"]
[EventType "swiss"]
[EventRounds "6"]
[EventCountry "BRA"]
[SourceTitle "CBM 178 Extra"]
[Source "ChessBase"]
[SourceDate "2017.06.22"]
[SourceVersion "1"]
[SourceVersionDate "2017.06.22"]
[SourceQuality "1"]

1. d4 Nf6 2. Nf3 e6 3. c4 d5 4. Nc3 Nbd7 5. Bg5 Be7 6. e3 b6 7. cxd5 exd5 8. Bd3 0-0 9. 0-0 Bb7 10. Rc1 Rc8 11. Bf5 c5 12. Ne5 Ra8 13. f4 Nxe5 14. fxe5 Ne4 15. Bf4 Bg5 16. Nxe4 dxe4 17. Bxh7+ Kxh7 18. Qh5+ Bh6 19. Bxh6 gxh6 20. Rxf7+ Rxf7 21. Qxf7+ Kh8 22. Qxb7 cxd4 23. Rc7 Qf8 24. Qxe4 Qg8 25. e6 dxe3 26. Qh7+ 1-0

[Event "Sao Paulo op-A 6th"]
[Site "Sao Paulo"]
[Date "2017.04.14"]
[Round "1"]
[White "Zini, Jhone Marcelo"]
[Black "Soares, Joao Carlos TC"]
[Result "0-1"]
[WhiteElo "2077"]
[BlackElo "1830"]
[PlyCount "91"]
[EventDate "2017.04.14"]
[EventType "swiss"]
[EventRounds "6"]
[EventCountry "BRA"]
[SourceTitle "CBM 178 Extra"]
[Source "ChessBase"]
[SourceDate "2017.06.22"]
[SourceVersion "1"]
[SourceVersionDate "2017.06.22"]
[SourceQuality "1"]

1. e4 c5 2. Nf3 d6 3. g3 Nf6 4. d3 e6 5. Bg2 Be7 6. 0-0 0-0 7. Re1 Nc6 8. c3 d5 9. e5 Nd7 10. d4 Rb8 11. Nbd2 b5 12. Nf1 a5 13. h4 Qe8 14. Bh3 Nd8 15. Qd3 h6 16. Bf4 Ra8 17. Ne3 f5 18. exf6 Nxf6 19. Ne5 Ne4 20. f3 g5 21. Bxg5 Nxg5 22. hxg5 Bxg5 23. f4 Bf6 24. Kg2 Bxe5 25. fxe5 c4 26. Qc2 Kg7 27. Rf1 Ra7 28. Ng4 Qh5 29. Rf6 Rxf6 30. exf6+ Kg8 31. Ne5 Nf7 32. Qg6+ Qxg6 33. Nxg6 Bd7 34. Re1 Ng5 35. Ne5 Be8 36. f7+ Bxf7 37. Nxf7 Kxf7 38. Bg4 b4 39. Rf1+ Kg7 40. Re1 Kf7 41. Kf2 Rb7 42. Ke3 bxc3 43. bxc3 Rb2 44. Kf4 Rf2+ 45. Ke5 Ke7 46. Bh5 0-1

[Event "Florianopolis op 3rd"]
[Site "Florianopolis"]
[Date "2017.01.23"]
[Round "5"]
[White "Zini, Jhone Marcelo"]
[Black "Quintiliano Pinto, Renato Rodrigues"]
[Result "0-1"]
[WhiteElo "2080"]
[BlackElo "2484"]
[PlyCount "62"]
[EventDate "2017.01.20"]
[EventType "swiss"]
[EventRounds "10"]
[EventCountry "BRA"]
[SourceTitle "CBM 176 Extra"]
[Source "ChessBase"]
[SourceDate "2017.03.02"]
[SourceVersion "1"]
[SourceVersionDate "2017.03.02"]
[SourceQuality "1"]

1. d4 Nf6 2. c4 e6 3. Nc3 d5 4. Bg5 Nbd7 5. Nf3 Be7 6. e3 a6 7. Qc2 dxc4 8. Bxc4 b5 9. Bd3 c5 10. Bxf6 Bxf6 11. Be4 Rb8 12. dxc5 Nxc5 13. Bc6+ Bd7 14. Rd1 Qa5 15. Bxd7+ Nxd7 16. 0-0 Bxc3 17. bxc3 Rc8 18. Qd3 Nc5 19. Qd6 Qc7 20. Qd4 0-0 21. c4 b4 22. Qb2 a5 23. Nd2 Na4 24. Qc2 Nc3 25. Ra1 Rfd8 26. f3 Qd7 27. Rf2 Qxd2 28. Qxd2 Rxd2 29. e4 a4 30. Kf1 Rb8 31. Rc1 Rd1+ 0-1

[Event "Matinhos Caioba-ch"]
[Site "Matinhos"]
[Date "2015.08.29"]
[Round "3"]
[White "Da Silva, Janderson Rossi"]
[Black "Zini, Jhone Marcelo"]
[Result "1/2-1/2"]
[WhiteElo "1849"]
[BlackElo "2095"]
[PlyCount "133"]
[EventDate "2015.08.28"]
[EventType "swiss"]
[EventRounds "6"]
[EventCountry "BRA"]
[SourceTitle "EXT 2016"]
[Source "ChessBase"]
[SourceDate "2015.10.08"]
[SourceVersion "1"]
[SourceVersionDate "2015.10.08"]
[SourceQuality "1"]

1. e4 c5 2. Nc3 Nc6 3. Bb5 Nd4 4. Bc4 g6 5. Nf3 Bg7 6. Nxd4 cxd4 7. Qf3 e6 8. Nb5 d6 9. Qa3 Bf8 10. Nxd4 Nf6 11. d3 Be7 12. Bb5+ Bd7 13. Bxd7+ Qxd7 14. Qb3 0-0 15. Bg5 Kg7 16. 0-0 h6 17. Bd2 Nh5 18. f4 e5 19. fxe5 dxe5 20. Nf3 Bc5+ 21. Kh1 f6 22. Bb4 Bxb4 23. Qxb4 Nf4 24. g3 Ne6 25. a4 Rac8 26. Rf2 h5 27. Ra3 Nd4 28. Nxd4 exd4 29. a5 h4 30. gxh4 Rf7 31. Ra4 Rd8 32. b3 Qg4 33. Qc5 Qxh4 34. Kg1 Rfd7 35. Rc4 Qg4+ 36. Kh1 Qh4 37. Kg1 a6 38. Qb6 Qg5+ 39. Kh1 Qe5 40. Rc5 Qd6 41. Qxd6 Rxd6 42. Kg2 Rc6 43. Rxc6 bxc6 44. Rf1 Rb8 45. Kg3 Rb5 46. Ra1 Rg5+ 47. Kf3 Rh5 48. Kg3 Kf7 49. Ra4 c5 50. Rc4 Ke6 51. b4 Kd6 52. bxc5+ Rxc5 53. Rxd4+ Ke6 54. Rd5 Rxd5 55. exd5+ Kxd5 56. c3 Kc5 57. Kf4 Kb5 58. Ke4 Kxa5 59. Kd5 Kb6 60. Ke6 f5 61. d4 Kc7 62. Ke7 f4 63. d5 f3 64. d6+ Kb7 65. d7 f2 66. d8Q f1Q 67. Qd5+ 1/2-1/2

[Event "Curitiba Sul Regional-ch"]
[Site "Curitiba"]
[Date "2015.07.11"]
[Round "3"]
[White "Languidey, Simon Alejandro"]
[Black "Zini, Jhone Marcelo"]
[Result "1/2-1/2"]
[WhiteElo "2358"]
[BlackElo "2112"]
[PlyCount "89"]
[EventDate "2015.07.10"]
[EventType "swiss"]
[EventRounds "6"]
[EventCountry "BRA"]
[SourceTitle "EXT 2016"]
[Source "ChessBase"]
[SourceDate "2015.10.08"]
[SourceVersion "1"]
[SourceVersionDate "2015.10.08"]
[SourceQuality "1"]

1. e4 c5 2. Nc3 Nc6 3. g3 g6 4. Bg2 Bg7 5. d3 d6 6. Be3 e5 7. Qd2 Rb8 8. Nge2 b5 9. a3 Nd4 10. 0-0 Be6 11. f4 Ne7 12. Rf2 0-0 13. Raf1 f6 14. h4 Bg4 15. Nc1 b4 16. axb4 Rxb4 17. b3 Qd7 18. Kh2 Rbb8 19. N1e2 Kh8 20. Ng1 Nb5 21. Nxb5 Qxb5 22. fxe5 dxe5 23. Ne2 Rbc8 24. Ra1 Bxe2 25. Rxe2 Nc6 26. Rf2 Rc7 27. Bh3 Nd4 28. Qa5 Qc6 29. Qa6 Rff7 30. Qxc6 Rxc6 31. Ra5 Rb7 32. Kg1 Bf8 33. Kf1 Kg7 34. Ke1 Be7 35. Kd2 c4 36. Kd1 cxb3 37. cxb3 Bb4 38. Ra1 a5 39. Bxd4 exd4 40. e5 Re7 41. Bg2 Rxe5 42. Bxc6 Re1+ 43. Kc2 Rxa1 44. Rf4 Bc3 45. Re4 1/2-1/2

[Event "Curitiba Sul Regional-ch"]
[Site "Curitiba"]
[Date "2015.07.10"]
[Round "2"]
[White "Zini, Jhone Marcelo"]
[Black "Das Chagas, David Ferreira"]
[Result "1-0"]
[WhiteElo "2112"]
[BlackElo "1916"]
[PlyCount "53"]
[EventDate "2015.07.10"]
[EventType "swiss"]
[EventRounds "6"]
[EventCountry "BRA"]
[SourceTitle "EXT 2016"]
[Source "ChessBase"]
[SourceDate "2015.10.08"]
[SourceVersion "1"]
[SourceVersionDate "2015.10.08"]
[SourceQuality "1"]

1. d4 Nf6 2. c4 e6 3. Nc3 d5 4. Bg5 Be7 5. e3 0-0 6. Nf3 b6 7. cxd5 exd5 8. a3 Bb7 9. b4 a6 10. Bd3 c5 11. bxc5 bxc5 12. dxc5 Nbd7 13. c6 Bxc6 14. 0-0 Qa5 15. Qd2 Rac8 16. Rfc1 d4 17. exd4 Bxf3 18. gxf3 h6 19. Bf4 Nh5 20. Be3 f5 21. Ne2 Rxc1+ 22. Qxc1 Qb6 23. Rb1 Qg6+ 24. Kh1 Qd6 25. a4 f4 26. Bd2 a5 27. Bxa5 1-0

[Event "Foz do Iguacu op 5th"]
[Site "Foz do Iguacu"]
[Date "2015.06.07"]
[Round "5"]
[White "Villalba, Marcelo"]
[Black "Zini, Jhone Marcelo"]
[Result "1-0"]
[WhiteElo "2215"]
[BlackElo "2112"]
[PlyCount "123"]
[EventDate "2015.06.05"]
[EventType "swiss"]
[EventRounds "6"]
[EventCountry "BRA"]
[SourceTitle "CBM 166 Extra"]
[Source "ChessBase"]
[SourceDate "2015.06.18"]
[SourceVersion "1"]
[SourceVersionDate "2015.06.18"]
[SourceQuality "1"]

1. e4 c5 2. Nf3 Nc6 3. d3 g6 4. g3 Bg7 5. Bg2 d6 6. 0-0 e5 7. Nbd2 Nge7 8. a4 0-0 9. Nc4 b6 10. c3 Rb8 11. Be3 Bg4 12. Qd2 Qd7 13. Bh6 Bh3 14. Bxg7 Kxg7 15. Bxh3 Qxh3 16. Nxd6 f6 17. Nc4 Rbd8 18. Ne1 h5 19. f4 Qe6 20. fxe5 fxe5 21. Rxf8 Rxf8 22. Ng2 Rd8 23. Qe2 Qd7 24. Rd1 Ng8 25. Nge3 Nf6 26. Qf3 Rf8 27. Qg2 Ng4 28. Nxg4 Qxg4 29. Ne3 Qd7 30. Nc4 Qg4 31. Rf1 Rxf1+ 32. Qxf1 h4 33. Ne3 Qg5 34. Qf3 Nd8 35. Kf2 Ne6 36. Qg4 hxg3+ 37. hxg3 Qf6+ 38. Ke2 Qf7 39. Nd5 Qd7 40. Qf3 Qd8 41. Qg4 Qd7 42. Qh4 Qf7 43. Qe7 Qxe7 44. Nxe7 Nd8 45. Nd5 Nc6 46. Ke3 Kf7 47. b4 Ke6 48. a5 cxb4 49. axb6 axb6 50. Nxb4 Nb8 51. d4 Nd7 52. Nd3 exd4+ 53. cxd4 g5 54. d5+ Kd6 55. Kd4 b5 56. e5+ Ke7 57. Nc5 Nb8 58. d6+ Ke8 59. Kd5 b4 60. e6 Na6 61. Nxa6 b3 62. Nc7+ 1-0

[Event "Foz do Iguacu op 5th"]
[Site "Foz do Iguacu"]
[Date "2015.06.06"]
[Round "4"]
[White "Zini, Jhone Marcelo"]
[Black "Britez, G Jorge A"]
[Result "1-0"]
[WhiteElo "2112"]
[BlackElo "1824"]
[PlyCount "95"]
[EventDate "2015.06.05"]
[EventType "swiss"]
[EventRounds "6"]
[EventCountry "BRA"]
[SourceTitle "CBM 166 Extra"]
[Source "ChessBase"]
[SourceDate "2015.06.18"]
[SourceVersion "1"]
[SourceVersionDate "2015.06.18"]
[SourceQuality "1"]

1. Nf3 Nf6 2. d4 g6 3. c4 Bg7 4. Nc3 d5 5. g3 0-0 6. Bg2 c6 7. cxd5 cxd5 8. 0-0 Nc6 9. Bf4 e6 10. Rc1 Bd7 11. b3 Nh5 12. Bd6 Re8 13. Qd2 Bf8 14. Bxf8 Rxf8 15. Qh6 Qf6 16. e3 Qg7 17. Qxg7+ Nxg7 18. Na4 b6 19. Nb2 Rfc8 20. Nd3 f6 21. Rc3 Ne7 22. Rfc1 Rxc3 23. Rxc3 Rc8 24. Rxc8+ Nxc8 25. Nf4 g5 26. Nd3 Kf7 27. Nd2 Nd6 28. f3 a5 29. Kf2 Bb5 30. Bf1 Ke7 31. Nb1 h6 32. Nc3 Bxd3 33. Bxd3 Nge8 34. e4 Nc7 35. a4 Kd7 36. Ke3 Kc6 37. f4 Kd7 38. fxg5 fxg5 39. e5 Nf7 40. Kf3 Ke7 41. Kg4 Kf8 42. Kh5 Kg7 43. Bb5 Nh8 44. Bd7 Ng6 45. Nd1 Ne7 46. Ne3 Ng8 47. Ng4 Kh7 48. Nf6+ 1-0

[Event "Florianopolis op"]
[Site "Florianopolis"]
[Date "2015.01.18"]
[Round "9"]
[White "Gauche, Charles"]
[Black "Zini, Jhone Marcelo"]
[Result "1-0"]
[WhiteElo "2229"]
[BlackElo "2082"]
[PlyCount "103"]
[EventDate "2015.01.14"]
[EventType "swiss"]
[EventRounds "10"]
[EventCountry "BRA"]
[SourceTitle "CBM 164 Extra"]
[Source "ChessBase"]
[SourceDate "2015.03.02"]
[SourceVersion "1"]
[SourceVersionDate "2015.03.02"]
[SourceQuality "1"]

1. e4 c5 2. Nf3 Nc6 3. Nc3 g6 4. g3 Bg7 5. Bg2 e6 6. d3 d6 7. 0-0 Rb8 8. Bg5 Qc7 9. Qd2 b5 10. a4 b4 11. Nd1 Nd4 12. Rb1 Bd7 13. b3 Bc8 14. Nb2 Ne7 15. Nc4 0-0 16. Bf4 e5 17. Bh6 Nxf3+ 18. Bxf3 Nc6 19. Bxg7 Kxg7 20. Bg2 Nd4 21. Ne3 Be6 22. f4 f6 23. f5 gxf5 24. exf5 Bc8 25. Bd5 Kh8 26. Rbe1 Qg7 27. Qg2 Bb7 28. Rf2 Bxd5 29. Qxd5 Rbd8 30. Qe4 Qh6 31. Rg2 Rf7 32. Kh1 Rg8 33. h4 Qh5 34. Rf1 Rd7 35. Kh2 Rf7 36. Kh3 Rd7 37. Nd5 Qh6 38. Ne3 Qf8 39. g4 Qh6 40. Nd5 Qf8 41. g5 fxg5 42. hxg5 Rf7 43. f6 Ne6 44. Qf5 Qc8 45. Kh2 Nc7 46. Qxc8 Rxc8 47. Ne7 Rcf8 48. g6 hxg6 49. Nxg6+ Kg8 50. Nxe5+ Kh7 51. Nxf7 Rxf7 52. Rf3 1-0

[Event "Florianopolis op"]
[Site "Florianopolis"]
[Date "2015.01.16"]
[Round "5"]
[White "Matsuura, Frederico"]
[Black "Zini, Jhone Marcelo"]
[Result "0-1"]
[WhiteElo "2289"]
[BlackElo "2082"]
[PlyCount "70"]
[EventDate "2015.01.14"]
[EventType "swiss"]
[EventRounds "10"]
[EventCountry "BRA"]
[SourceTitle "CBM 164 Extra"]
[Source "ChessBase"]
[SourceDate "2015.03.02"]
[SourceVersion "1"]
[SourceVersionDate "2015.03.02"]
[SourceQuality "1"]

1. e4 c5 2. Nc3 Nc6 3. g3 g6 4. Bg2 Bg7 5. d3 e6 6. Be3 d6 7. Qd2 Rb8 8. f4 Nge7 9. Nf3 Nd4 10. 0-0 0-0 11. Nd1 b5 12. c3 Nxf3+ 13. Bxf3 b4 14. d4 Qc7 15. dxc5 dxc5 16. cxb4 cxb4 17. Rc1 Qa5 18. Bc5 Rd8 19. Qf2 Nc6 20. e5 Bb7 21. Bd6 Rbc8 22. Ne3 Qb5 23. Rc5 Qa6 24. Be2 Qxa2 25. Bc4 b3 26. f5 Nd4 27. fxe6 Nf3+ 28. Kg2 Rxc5 29. exf7+ Kh8 30. Bxc5 Rd2 31. Kh3 Qxb2 32. Ng4 h5 33. e6 hxg4+ 34. Kxg4 Qe5 35. Qxf3 Qh5+ 0-1

[Event "Florianopolis op"]
[Site "Florianopolis"]
[Date "2015.01.16"]
[Round "6"]
[White "Zini, Jhone Marcelo"]
[Black "Guimaraes, Diogo Duarte"]
[Result "0-1"]
[WhiteElo "2082"]
[BlackElo "2221"]
[PlyCount "46"]
[EventDate "2015.01.14"]
[EventType "swiss"]
[EventRounds "10"]
[EventCountry "BRA"]
[SourceTitle "CBM 164 Extra"]
[Source "ChessBase"]
[SourceDate "2015.03.02"]
[SourceVersion "1"]
[SourceVersionDate "2015.03.02"]
[SourceQuality "1"]

1. d4 Nf6 2. Bf4 d6 3. e3 g6 4. h3 Bg7 5. Nf3 c5 6. c3 b6 7. Nbd2 Bb7 8. Be2 0-0 9. 0-0 Nbd7 10. a4 Qc7 11. Qb3 Bc6 12. Rfd1 a6 13. c4 Ne4 14. Nb1 cxd4 15. exd4 e5 16. Be3 exd4 17. Bxd4 Nec5 18. Qc3 Ne5 19. b3 Ne6 20. Qe3 Nxf3+ 21. Bxf3 Nxd4 22. Rxd4 Bxf3 23. gxf3 Qc5 0-1

[Event "Maringa op 4th"]
[Site "Maringa"]
[Date "2014.08.23"]
[Round "8"]
[White "Zini, Jhone Marcelo"]
[Black "Melo, Sergio Roberto Samp"]
[Result "1-0"]
[WhiteElo "2065"]
[BlackElo "1790"]
[PlyCount "65"]
[EventDate "2014.08.20"]
[EventType "swiss"]
[EventRounds "9"]
[EventCountry "BRA"]
[SourceTitle "EXT 2015"]
[Source "ChessBase"]
[SourceDate "2014.11.20"]
[SourceVersion "1"]
[SourceVersionDate "2014.11.20"]
[SourceQuality "1"]

1. d4 e6 2. Nf3 d5 3. Bf4 Nf6 4. e3 Bd6 5. Bg3 0-0 6. Nbd2 c5 7. c3 Nc6 8. Bd3 b6 9. Ne5 Bb7 10. Ndf3 Rc8 11. Nxc6 Bxc6 12. Ne5 Bb7 13. Bh4 Be7 14. Qf3 Nd7 15. Bxe7 Qxe7 16. Qh3 f5 17. f4 Nxe5 18. fxe5 Qg5 19. 0-0 g6 20. Rf2 Kg7 21. Raf1 h5 22. Rf4 Qh6 23. R4f2 Qg5 24. Rf4 Qh6 25. R4f3 Rh8 26. Qh4 Rce8 27. Rg3 Kh7 28. Rg5 Qf8 29. Rf3 Qh6 30. Rfg3 Rhg8 31. Be2 Rg7 32. Bxh5 Kg8 33. Rxg6 1-0

[Event "Maringa op 4th"]
[Site "Maringa"]
[Date "2014.08.22"]
[Round "5"]
[White "Mekhitarian, Krikor Sevag"]
[Black "Zini, Jhone Marcelo"]
[Result "1-0"]
[WhiteElo "2565"]
[BlackElo "2065"]
[PlyCount "103"]
[EventDate "2014.08.20"]
[EventType "swiss"]
[EventRounds "9"]
[EventCountry "BRA"]
[SourceTitle "EXT 2015"]
[Source "ChessBase"]
[SourceDate "2014.11.20"]
[SourceVersion "1"]
[SourceVersionDate "2014.11.20"]
[SourceQuality "1"]

1. e4 e5 2. Nf3 d6 3. d4 Nd7 4. Bc4 c6 5. 0-0 Be7 6. dxe5 dxe5 7. Ng5 Bxg5 8. Qh5 Qe7 9. Bxg5 Ngf6 10. Qh4 Nf8 11. Re1 Ng6 12. Qg3 h6 13. Bc1 Nh5 14. Qa3 Qxa3 15. Nxa3 Nhf4 16. Be3 0-0 17. Rad1 Re8 18. Bf1 b5 19. Rd6 Ne7 20. Red1 Be6 21. c4 a6 22. b3 Nfg6 23. f3 Nf8 24. Kf2 f6 25. g3 Bf7 26. Bh3 bxc4 27. Nxc4 Bxc4 28. bxc4 Rab8 29. Bc5 Kf7 30. R1d2 a5 31. Ba3 a4 32. Ke3 Ra8 33. Kd3 Red8 34. Kc3 Rxd6 35. Rxd6 Rb8 36. Bb4 Rb7 37. Rd8 Rc7 38. Bc5 Rb7 39. Ra8 Nd7 40. Bxd7 Rxd7 41. Rxa4 Nc8 42. Ra6 Rc7 43. a4 Ke6 44. a5 g6 45. Ra8 f5 46. a6 fxe4 47. fxe4 Nd6 48. a7 Nxe4+ 49. Kc2 Kd7 50. Rd8+ Kxd8 51. a8Q+ Kd7 52. Bb6 1-0

[Event "Maringa op 4th"]
[Site "Maringa"]
[Date "2014.08.21"]
[Round "4"]
[White "Zini, Jhone Marcelo"]
[Black "Egoroff, Jomar"]
[Result "1/2-1/2"]
[WhiteElo "2065"]
[BlackElo "2315"]
[PlyCount "46"]
[EventDate "2014.08.20"]
[EventType "swiss"]
[EventRounds "9"]
[EventCountry "BRA"]
[SourceTitle "EXT 2015"]
[Source "ChessBase"]
[SourceDate "2014.11.20"]
[SourceVersion "1"]
[SourceVersionDate "2014.11.20"]
[SourceQuality "1"]

1. d4 d5 2. Bf4 Nf6 3. e3 e6 4. c3 Bd6 5. Bg3 0-0 6. Nf3 Nbd7 7. Nbd2 Qe7 8. Ne5 c5 9. Bd3 Rd8 10. Ndf3 Ne4 11. Nxd7 Bxd7 12. Qc2 Bc6 13. Ne5 Bxe5 14. Bxe5 c4 15. Be2 f6 16. Bg3 b5 17. f3 Nxg3 18. hxg3 g6 19. Kf2 e5 20. Qd2 Qe6 21. Bd1 Rd7 22. Bc2 Re8 23. Rae1 Rde7 1/2-1/2

[Event "Maringa op 4th"]
[Site "Maringa"]
[Date "2014.08.20"]
[Round "1"]
[White "Lisboa, Joana Cunha"]
[Black "Zini, Jhone Marcelo"]
[Result "0-1"]
[WhiteElo "1800"]
[BlackElo "2065"]
[PlyCount "46"]
[EventDate "2014.08.20"]
[EventType "swiss"]
[EventRounds "9"]
[EventCountry "BRA"]
[SourceTitle "EXT 2015"]
[Source "ChessBase"]
[SourceDate "2014.11.20"]
[SourceVersion "1"]
[SourceVersionDate "2014.11.20"]
[SourceQuality "1"]

1. e4 e5 2. Nf3 Nc6 3. Bc4 Nf6 4. d3 Bc5 5. Bg5 d6 6. Nc3 h6 7. Bd2 Bg4 8. Qe2 Qd7 9. Be3 0-0-0 10. h3 Be6 11. 0-0-0 Nd4 12. Bxe6 Nxe2+ 13. Nxe2 Bxe3+ 14. fxe3 Qxe6 15. Kb1 d5 16. Nc3 dxe4 17. dxe4 Rxd1+ 18. Rxd1 Rd8 19. Rd3 Rxd3 20. cxd3 Qb6 21. d4 exd4 22. exd4 Qa6 23. Nd2 Qd3+ 0-1

[Event "Foz do Iguacu op 4th"]
[Site "Foz do Iguacu"]
[Date "2014.06.19"]
[Round "2"]
[White "Paz, Alexandre da Silva"]
[Black "Zini, Jhone Marcelo"]
[Result "1-0"]
[WhiteElo "1916"]
[BlackElo "2075"]
[PlyCount "93"]
[EventDate "2014.06.19"]
[EventType "swiss"]
[EventRounds "7"]
[EventCountry "BRA"]
[SourceTitle "CBM 161 Extra"]
[Source "ChessBase"]
[SourceDate "2014.08.29"]
[SourceVersion "1"]
[SourceVersionDate "2014.08.29"]
[SourceQuality "1"]

1. d4 Nf6 2. c4 d6 3. Nc3 Nbd7 4. e4 e5 5. d5 g6 6. Bd3 Bg7 7. Nge2 0-0 8. f3 Nc5 9. Be3 a5 10. b3 Nh5 11. Rc1 Nf4 12. Nxf4 exf4 13. Bxf4 f5 14. Be3 Re8 15. 0-0 Qe7 16. Bb1 fxe4 17. Nxe4 Bf5 18. Bd4 Bxe4 19. fxe4 Bxd4+ 20. Qxd4 Qe5 21. Qxe5 Rxe5 22. Rf4 Rae8 23. Re1 g5 24. Rg4 h5 25. Rg3 Kg7 26. h3 Kh6 27. Rf3 R5e7 28. e5 Rxe5 29. Rxe5 Rxe5 30. Rf6+ Kg7 31. Rg6+ Kf7 32. Kf2 Nd7 33. g4 hxg4 34. hxg4 Nf6 35. Kf3 Re1 36. Bf5 Ra1 37. Rxg5 Rxa2 38. Be6+ Kf8 39. Rf5 Ke7 40. g5 Ne8 41. Rf7+ Kd8 42. Rd7+ Kc8 43. Rxd6+ Kb8 44. Rd8+ Ka7 45. Rxe8 Ra3 46. g6 Rxb3+ 47. Kf4 1-0

[Event "Foz do Iguacu Regional-ch"]
[Site "Foz do Iguacu"]
[Date "2014.01.26"]
[Round "7"]
[White "Zini, Jhone Marcelo"]
[Black "Caetano, Hugo Zanotti Mendon"]
[Result "1-0"]
[WhiteElo "2078"]
[BlackElo "2146"]
[PlyCount "174"]
[EventDate "2014.01.22"]
[EventType "swiss"]
[EventRounds "7"]
[EventCountry "BRA"]
[SourceTitle "CBM 158 Extra"]
[Source "ChessBase"]
[SourceDate "2014.02.28"]
[SourceVersion "1"]
[SourceVersionDate "2014.02.28"]
[SourceQuality "1"]

1. d4 d5 2. Bf4 c5 3. e3 cxd4 4. exd4 Nc6 5. c3 Nf6 6. Nf3 Bg4 7. Nbd2 e6 8. Qb3 Qc8 9. Bd3 Be7 10. h3 Bh5 11. 0-0 0-0 12. Rfe1 a6 13. a4 Bg6 14. Bxg6 hxg6 15. Qd1 b5 16. b4 Na7 17. Rc1 Qb7 18. a5 Nc8 19. Nb3 Bd6 20. Bxd6 Nxd6 21. Nc5 Qc7 22. Ne5 Nfe4 23. Ned3 Rfe8 24. Qg4 Nxc5 25. Nxc5 Nc4 26. f4 Qe7 27. Re2 Qf6 28. Rce1 Ra7 29. Qf3 Rc8 30. g4 Nd6 31. Nxe6 fxe6 32. Rxe6 Qf8 33. Qxd5 Nf7 34. f5 gxf5 35. g5 Rd8 36. Qxf5 Nd6 37. Qc5 Rad7 38. g6 Qf3 39. R6e3 Qf4 40. Qh5 Qh6 41. Qd5+ Kh8 42. Re5 Qxg6+ 43. Rg5 Nf7 44. Rxg6 Rxd5 45. Rxa6 Nd6 46. Re2 Rc8 47. Re6 Nc4 48. Rg6 Kh7 49. Rac6 Rf8 50. Rg3 Rdf5 51. Rc7 Rf1+ 52. Kh2 R8f2+ 53. Rg2 Rxg2+ 54. Kxg2 Rc1 55. Rc5 Rxc3 56. Rxb5 Ra3 57. Rc5 Nd6 58. Rc6 Nf5 59. a6 Nxd4 60. Rd6 Nf5 61. Rb6 Ne3+ 62. Kf2 Nd5 63. Rb5 Nc7 64. Ra5 Rxa5 65. bxa5 Nxa6 66. Ke3 Kg6 67. Kd4 Kh5 68. Kc4 Kh4 69. Kb5 Nb8 70. Kb6 Kxh3 71. Kb7 Nd7 72. Kc6 Ne5+ 73. Kc7 g5 74. a6 g4 75. a7 g3 76. a8Q g2 77. Qh8+ Kg3 78. Qxe5+ Kf2 79. Qf4+ Ke1 80. Qg3+ Kf1 81. Qf3+ Kg1 82. Kd6 Kh2 83. Qf2 Kh1 84. Qh4+ Kg1 85. Ke5 Kf1 86. Qf4+ Ke2 87. Qg3 Kf1 1-0

[Event "Foz do Iguacu Regional-ch"]
[Site "Foz do Iguacu"]
[Date "2014.01.23"]
[Round "3"]
[White "Souza, Gabriel"]
[Black "Zini, Jhone Marcelo"]
[Result "0-1"]
[WhiteElo "1800"]
[BlackElo "2078"]
[PlyCount "44"]
[EventDate "2014.01.22"]
[EventType "swiss"]
[EventRounds "7"]
[EventCountry "BRA"]
[SourceTitle "CBM 158 Extra"]
[Source "ChessBase"]
[SourceDate "2014.02.28"]
[SourceVersion "1"]
[SourceVersionDate "2014.02.28"]
[SourceQuality "1"]

1. e4 e5 2. Nf3 Nc6 3. Bb5 a6 4. Ba4 Nf6 5. 0-0 Be7 6. Nc3 b5 7. Bb3 0-0 8. d3 d6 9. h3 Na5 10. Bg5 Nxb3 11. Bxf6 Bxf6 12. axb3 c6 13. Nh2 Be6 14. Ne2 g6 15. Ng3 Bg7 16. c3 f5 17. exf5 gxf5 18. f4 Kh8 19. Nh5 Bh6 20. Qe2 Rg8 21. Nf3 Bf7 22. Nh2 Qh4 0-1